000 003890000a22001570004500
005 20120302053211.0
942 _cBOOK
245 _a Political and social progress and religion
260 _aMangalore:
_bSt.Aloysius,
_c1937
300 _a26p
040 _aENG
365 _bRs.
650 _aReligion
650 _aPolitcs-Social Progress
650 _aReligion-Economic-Social Problems
999 _c342219
_d342216